000 00323nam a2200157Ia 4500
100 _aStephen W.Hawking
650 _aFiction
942 _cBK
366 _f20
245 _aTheory of everything
260 _bJaico Publishing House
_c2008
082 _a808.83/STE
300 _a132
546 _aENGLISH
999 _c30393
_d30393